Statistics for Grammy Albums of the Year

Click here to take the quiz!

General Stats

  • This quiz has been taken 16,726 times
    (1,299 since last reset)
  • The average score is 20 of 53

Answer Stats

Year Album Artist % Correct
2012, 201721, 25Adele
91%
1984ThrillerMichael Jackson
90%
1968Sgt. Pepper's Lonely Hearts Club Band The Beatles
84%
201824K MagicBruno Mars
79%
2010, 2016Fearless, 1989Taylor Swift
77%
1988, 2006The Joshua Tree, How to Dismantle an Atomic BombU2
73%
1976, 1987Still Crazy After All These Years, GracelandPaul Simon
70%
2020When We All Fall Asleep, Where Do We Go?Billie Eilish
69%
1989FaithGeorge Michael
69%
1971Bridge over Troubled Water Simon & Garfunkel
66%
1994The Bodyguard SountrackWhitney Houston
66%
1979Saturday Night Fever SoundtrackBee Gees
63%
1978Rumours Fleetwood Mac
60%
1996Jagged Little Pill Alanis Morissette
58%
1999The Miseducation of ______ ____Lauryn Hill
50%
1974, 1975, 1977Innervisions, Fulfillingness' First Finale, Songs in the Key of LifeStevie Wonder
47%
2014Random Access MemoriesDaft Punk
47%
2004Speakerboxxx/
The Love Below
Outkast
46%
1986No Jacket Required Phil Collins
45%
1962Judy at Carnegie Hall Judy Garland
42%
2003Come Away with Me Norah Jones
41%
1972Tapestry Carole King
38%
1993UnpluggedEric Clapton
38%
1960, 1966, 1967Come Dance with Me!, September of My Years, A Man and His MusicFrank Sinatra
37%
1991Back on the Block Quincy Jones
35%
2000Supernatural Santana
35%
1982Double Fantasy John Lennon &
Yoko Ono
34%
198052nd StreetBilly Joel
34%
1998Time out of Mind Bob Dylan
31%
1973The Concert for Bangla Desh George Harrison
& Friends
30%
1992Unforgettable... with Love Natalie Cole
29%
1997Falling into You Celine Dion
26%
2011The Suburbs Arcade Fire
26%
2013BabelMumford & Sons
25%
2019Golden HourKacey Musgraves
22%
2015Morning PhaseBeck
22%
2005Genius Loves Company Ray Charles
21%
1985Can't Slow Down Lionel Richie
20%
1983____ IVToto
18%
2009Raising SandRobert Plant &
Alison Krauss
18%
1969By the Time I Get to Phoenix Glen Campbell
18%
1959The Music from Peter Gunn Henry Mancini
17%
1995MTV UnpluggedTony Bennett
15%
2007Taking the Long Way Dixie Chicks
15%
1990Nick of TimeBonnie Raitt
15%
2001Two Against Nature Steely Dan
14%
1964The ______ ________ Album Barbra Streisand
14%
1961The Button-Down Mind of ___ _______Bob Newhart
13%
2008River: The Joni Letters Herbie Hancock
13%
1970_____, _____ & _____Blood, Sweat & Tears
12%
1981___________ _____Christopher Cross
11%
1965____/________Stan Getz &
João Gilberto
9%
1963The First Family Vaughn Meader
9%

Score Distribution

Percentile by Number Answered

Percent of People with Each Score

Your Score History

You have not taken this quiz since the last reset